Statistics for Division 1 College Basketball teams with "Saint" in their name

Click here to take the quiz!

General Stats

  • This quiz has been taken 145 times
  • The average score is 9 of 15

Answer Stats

LocationSchool% Correct
CaliforniaSt. Mary's
85%
New YorkSt. John's
82%
MissouriSt. Louis
77%
PennsylvaniaSt. Josephs
71%
New YorkSt. Bonaventure
66%
New YorkSt. Francis
63%
PennsylvaniaSt. Francis
63%
New JerseySt. Peters
62%
MarylandMount St. Mary's
60%
CaliforniaSan Diego
44%
CaliforniaSan Francisco
42%
CaliforniaSan Diego St
41%
CaliforniaSanta Clara
39%
CaliforniaUCSB
38%
CaliforniaSan Jose St
36%

Score Distribution

Percentile by Number Answered

Percent of People with Each Score

Your Score History

You have not taken this quiz